Statistics for Inanimate Insanity Characters in Real Life #2

Click here to take the quiz!

General Stats

  • This quiz has been taken 23 times
  • The average score is 14 of 16

Answer Stats

Answer% Correct
Box
100%
Fan
95%
Paper
95%
Soap
95%
Yin-Yang
95%
Bow
90%
Taco
90%
Trophy
90%
Blueberry
85%
Dough
85%
Marshmellow
85%
MePhone
85%
The Floor
85%
Candle
80%
Paintbrush
80%
MePad
75%

Score Distribution

Percentile by Number Answered

Percent of People with Each Score

Your Score History

You have not taken this quiz